LEADER 01209nam a2200265 u 4500 001 000000109005 003 CaOOAMICUS 005 20080111145005.0 008 080111s2007 it u000 u ita u 020 $z978-88-348-7623-7* 040 $aPUL$bita$dBc 100 1 $aMacioce, Fabio.$0(OLS)http://pul/name/59676 245 14$aUna filosofia della laicità /$cFabio Macioce. 260 $aTorino :$bG. Giappichelli,$cc2007. 300 $a195 p. ;$c23 cm. 490 1 $aRecta Ratio : testi e studi di filosofia del diritto.$aQuinta serie ;$v17 650 4$aLaicismo.$0(OLS)http://pul/subject/33839 830 0$aRecta Ratio : testi e studi di filosofia del diritto.$nQuinta serie ;$v17.$0(OLS)http://pul/title/132078 850 $aPUL 852 $aPUL$W1$xSL Diritto e Scienze Sociali 3$y79$m340. 01 COLL 1.17$j124393$qDDC 21$B123221$CPULBib$Z2$F123221 $H106143 $82 941 1 $a9 961 $aDono e dedica autografa dell'autore a S.E. Mons. Rino Fisichella 996 $6020$z978-88-348-7623-7*$9(OLS)http://pul/number/136705 996 $6245$aUna filosofia della laicità$9(OLS)http://pul/title/137164 996 $6260$aTorino :$bG. Giappichelli$9(OLS)http://pul/publisher/49130 LEADER 01635nam a2200325 a 4500 001 000000153903 003 CaOOAMICUS 005 20160915105217.0 008 160914s2015 it frm z001 0 ita r 032 $aLibriCat 040 $aPUL$bita 100 1 $aSternativo, Francesco.$0(OLS)http://pul/name/97961 245 10$aLiberi di amare:$bla libertà nell'antropologia del matrimonio /$cFrancesco Sternativo. 260 $aRomae :$b[s.n.],$c2015. 300 $a314 p.;$c24 cm 500 $aIn testa al front.: Pontificia Universitas Lateranensis, Academia Alfonsiana, Institutum Superius Theologiae Moralis 502 $aEstratto da tesi di Dottorato in Teologia morale--Pontificia Università Lateranense. Accademia Alfonsiana, 2015. 504 $aBibliogr.: p. 290-309. 650 4$aMatrimonio$xAspetti morali e religiosi.$0(OLS)http://pul/subject/69 650 04$aAmore$xAspetti religiosi.$0(OLS)http://pul/subject/36534 710 2 $aAccademia Alfonsiana. Istituto superiore di Teologia morale.$kTesi.$0(OLS)http://pul/name/81838 850 $aPUL 852 $aPUL$W1$xDP1 Tesi Acc. Alfonsiana$y28$m2015 B 24$j173283$qTesi$B179874$CPULBib$Z2$F179874 $82 910 $aPontificia Università Lateranense. $bAccademia Alfonsiana$981838 910 $aIstituto superiore di Teologia morale. Accademia Alfonsiana$981838 910 $aAcademia Alfonsiana. Institutum superius theologiae moralis$981838 941 1 $a16 996 $6245$aLiberi di amare:$bla libertà nell'antropologia del matrimonio$9(OLS)http://pul/title/193467 996 $6260$aRomae :$b[s.n.]$9(OLS)http://pul/publisher/48223